000 00250nam a22001217a 4500
041 _aENG
100 _aDeshamukh.S
245 _aBaromass
260 _aPune
_bKontinatal Prakashan
_c2007
300 _a363
650 _aMarathi
856 _uMarathi ( 33 )
999 _c2222
_d2222